| 000 | 00504cab a22001935a 4500 | ||
|---|---|---|---|
| 001 | L159261 | ||
| 008 | 120228e20160216xxk 000 0 eng d | ||
| 035 | _a(Sirsi) u159261 | ||
| 041 | 0 | _aeng | |
| 100 | 1 | _aGiovannini, Joseph | |
| 245 | 0 | 0 |
_aZaha Hadid 1950-2016 _bObituary |
| 260 | _c2016 | ||
| 490 |
_aArchitects' Journal _v243(9) 7 April 2016, 2-9(8) |
||
| 520 | _aAssesses the life and legacy of Zaha Hadid. | ||
| 590 | _aKA | ||
| 651 | 4 | _aInternational | |
| 690 | _aARCHITECTURE | ||
| 942 | _n0 | ||
| 999 |
_c84852 _d84852 |
||